| 000 | 01232nam a22002537a 4500 | ||
|---|---|---|---|
| 003 | Uzh_bibl | ||
| 008 | 260415b |||||||| |||| 00| 0 ukr d | ||
| 020 |
_a5-7757-0222-0 _c7.77 |
||
| 040 | _bукр. | ||
| 041 |
_2ukr _aukr |
||
| 080 | _a087 | ||
| 090 |
_a087 _bМ14 |
||
| 100 | _a- | ||
| 245 |
_aМайстер Іванко: українські народні казки _cУпоряд.Ю.Д.Туряниця _hТекст |
||
| 260 |
_aУжгород _b"Карпати" _c1992 |
||
| 300 |
_a46 с. _bіл. |
||
| 520 | _aДо книжки ввійшли кращі зразки українських народних казок, записаних П.В.Лінтуром, С.Г.Пушинком, М.Г.Івасюком на Закарпатті, Прикарпатті та Буковині. | ||
| 521 | _aДля молодшого шкільного віку | ||
| 546 | _aукр. | ||
| 650 |
_aКраєзнавча література _xЛітературно-художнє видання |
||
| 653 |
_aТри брати й грабіна _aЯк Іванко водив корчмарів _aПарубок гуцул і царівна |
||
| 655 |
_aХудожня література _vКазки |
||
| 942 |
_2udc _cBK |
||
| 999 |
_c17336 _d17336 |
||